歴代中華民国総統(台湾総統) - Statistics

General Stats
  • This quiz has been taken 9 times
  • The average score is 5 of 10
Answer Stats
在任期間 Answer % Correct
1 1948〜1949 蔣介石
100%
4 1988〜2000 李登輝
75%
7 2016〜2024 蔡英文
75%
3 1978〜1988 蔣経国
63%
6 2008〜2016 馬英九
63%
8 2024〜 頼清徳
50%
5 2000〜2008 陳水扁
25%
代理 1949〜1950 李宗仁
0%
1 1950〜1975 蔣介石
0%
2 1975〜1978 厳家淦
0%
No matching quizzes found
Score Distribution
Percent of People with Each Score
Percentile by Number Answered
Your Score History
You have not taken this quiz